Normal view
MARC view
- Psychiatry
Entry Geographic Name
001 - CONTROL NUMBER
- control field: 217357
003 - CONTROL NUMBER IDENTIFIER
- control field: OSt
005 - DATE AND TIME OF LATEST TRANSACTION
- control field: 20260327164820.0
008 - FIXED-LENGTH DATA ELEMENTS
- fixed length control field: 260327|| aca||aabn | a|a d
040 ## - CATALOGING SOURCE
- Original cataloging agency: OSt
- Transcribing agency: OSt
151 ## - HEADING--GEOGRAPHIC NAME
- Geographic name: Psychiatry
670 ## - SOURCE DATA FOUND
- Source citation: Work cat.: (OSt)370808: Pal Panchali 217355, Introduction to Forensic Nursing & Indian Laws for BSc Nursing Students Semester-V, 2023